Modern Talking - początkowy wers piosenki - Statystyki

Ogólne statystyki
  • Ten quiz został rozwiązany 47 razy
  • Średni wynik to 6 z 10
Statystyki odpowiedzi
Wers Piosenka % Poprawnych
Oh I cannot explain, everytime it's the same Cheri, Cheri Lady
95%
Deep in my heart, there's a fire, a burnin' heart You're my heart, you're my soul
84%
Dear, love's burnin' fire, stay Brother Louie
76%
I wanna share my dreams, wanna share with you? Geronimo's Cadillac
66%
Lady, I know it was hard Atlantis is calling (S.O.S. for love)
50%
You packed your things in a carpetbag You can win if you want
50%
The times were hard and I was running Jet Airliner
47%
Outside the gates of Heaven In 100 years
37%
Oh I tell you once and I tell you twice Sexy, sexy lover
29%
If you know what I feel You are not alone
24%
Nie znaleziono quizów pasujących do podanych kryteriów
Rozkład punktacji
Procent ludzi z każdym wynikiem
Percentyl według liczby udzielonych odpowiedzi
Twoja historia wyników
Nie rozwiązałeś tego quizu